000
00316nam a22001337a 4500
008
181031b xxu||||| |||| 00| 0 eng d
020
_a
9780495004844
041
_a
eng
080
_2
2nd
_a
316
100
_a
50
101
_a
SOC
245
_a
Child Welfare: Policies and Best Practices
_c
Mather,J
942
_2
udc
_c
BK
999
_c
51310
_d
51310